Countries within 500km of Croatia - Statistics

General Stats
  • This quiz has been taken 40 times
  • The average score is 23 of 23
Answers on the Map
Answers color-coded by a green-red scale on the quiz's map according to % correct below.
 
Answer Stats
Answer % Correct
Albania
100%
Austria
100%
Bosnia and Herzegovina
100%
Czech Republic
100%
France
100%
Germany
100%
Greece
100%
Hungary
100%
Italy
100%
Montenegro
100%
Romania
100%
Serbia
100%
Slovakia
100%
Slovenia
100%
Switzerland
100%
Bulgaria
97%
Kosovo
97%
NorthMacedonia
97%
Poland
97%
San Marino
97%
Ukraine
97%
Vatican City
97%
Liechtenstein
89%
No matching quizzes found
Score Distribution
Percent of People with Each Score
Percentile by Number Answered
Your Score History
You have not taken this quiz